| 000 | 00880cam a22001814a 4500 | ||
|---|---|---|---|
| 005 | 20250605164356.0 | ||
| 008 | 250528s ||||||||||||||||||||||||d | ||
| 035 | _a24348 | ||
| 040 |
_aGR-AtMCL _bgre _dGR-AtMCL _eAACR2 |
||
| 245 | 1 | _aΗ Αγκαλιά / Σύλλογος Προστασίας Αγέννητου Παιδιού | |
| 260 |
_bΣύλλογος Προστασίας Αγέννητου Παιδιού - Η Αγκαλιά, _c2015 |
||
| 300 | _a30 | ||
| 520 | _aΟι Δραστηριότητες της Αγκαλιάς: Στα Παιδιά της και στις Οικογένειες τους, Μάνα - Μητέρα - Μαμά: Αστείρευτη Πηγή Αγάπης, Ιστορίες Ζωής: Η Ιστορία της Κατερίνας. | ||
| 700 | 1 |
_aΜεταλληνού Βαρβάρα _99450 |
|
| 942 | _cCR | ||
| 999 |
_c9236 _d9236 |
||